000 00367nam a22001577a 4500
005 20251108172312.0
008 250721s9999 xx 000 0 eng d
082 1 4 _aJ/F/BIR
100 1 _aBiro, Val
245 1 0 _aGumdrop on the rally /
264 1 _aLondon :
_bBrock Hampton press,
300 _a269p.
650 1 7 _aFiction
942 _2ddc
_cBK
999 _c75592
_d75592